Estados consolidados (Registro nro. 1784)

Detalles MARC
000 -LEADER
fixed length control field 01278 a2200217 4500
001 - CONTROL NUMBER
control field 28999
005 - DATE AND TIME OF LATEST TRANSACTION
control field 20260407155559.0
008 - FIXED-LENGTH DATA ELEMENTS--GENERAL INFORMATION
fixed length control field 260407a1948 arg spa d
003 - CONTROL NUMBER IDENTIFIER
control field AR-UNSa-BCEJYS
040 ## - CATALOGING SOURCE
Original cataloging agency AR-UNSa-BCEJYS
Language of cataloging spa
Transcribing agency AR-UNSa-BCEJYS
080 ## - UNIVERSAL DECIMAL CLASSIFICATION NUMBER
Universal Decimal Classification number 657
Common auxiliary subdivision Contabilidad
041 ## - LANGUAGE CODE
Language code of text/sound track or separate title spa
100 1# - MAIN ENTRY--PERSONAL NAME
Personal name Civera, Marin
245 10 - TITLE STATEMENT
Title Estados consolidados
264 #1 - PRODUCTION, PUBLICATION, DISTRIBUTION, MANUFACTURE, AND COPYRIGHT NOTICE
Place of production, publication, distribution, manufacture México :
Name of producer, publisher, distributor, manufacturer Unión Tipográfica Editorial Hispano-Americana (UTEHA)
Date of production, publication, distribution, manufacture, or copyright notice 1948
300 ## - PHYSICAL DESCRIPTION
Extent 496 p.
Dimensions 25 cm.
505 ## - FORMATTED CONTENTS NOTE
Formatted contents note 1. Estados de grupo - 2. Subsidiarias totalmente controladas - 3. Mayoría en subsidiarias controladas - 4. Contabilidad de la compañía matriz - 5. Ganancias no realizadas entre compañías - 6. Control indirecto - 7. Bonos entre compañía. Acciones preferentes - 8. Cambios en estructura de capital en acciones de la subsidiaria - 9. Controles recíproco y circular - 10. Análisis de las plusvalía o crédito mercantil y de superávit de consolidación - 11. Consolidación sin hojas de trabajo completas y otros asuntos - 12. Subsidiarias en el extranjero - 13. Registros de consolidación formales - 14. Análisis de los estados consolidados - 15. Problemas y preguntas de repaso
590 ## - LOCAL NOTE (RLIN)
Local note niveau_biblio:m niveau_hierar:0
700 1# - ADDED ENTRY--PERSONAL NAME
Personal name Lewis, Edwin J.B.
942 ## - ADDED ENTRY ELEMENTS (KOHA)
Koha item type
Existencias
Withdrawn status Lost status Damaged status Not for loan Home library Current library Shelving location Date acquired Total checkouts Full call number Barcode Date last seen Price effective from Koha item type
        Biblioteca Prof. Eusebio Cleto del Rey Biblioteca Prof. Eusebio Cleto del Rey   07/04/2026   657 H658 v.10 L20143 07/04/2026 07/04/2026 Libro
        Biblioteca Prof. Eusebio Cleto del Rey Biblioteca Prof. Eusebio Cleto del Rey   07/04/2026   657 H658 v.10 L21157 07/04/2026 07/04/2026 Libro
        Biblioteca Prof. Eusebio Cleto del Rey Biblioteca Prof. Eusebio Cleto del Rey   07/04/2026   657 H658 v.10 L21908 07/04/2026 07/04/2026 Libro
        Biblioteca Prof. Eusebio Cleto del Rey Biblioteca Prof. Eusebio Cleto del Rey   07/04/2026   657 H658 v.10 L20142 07/04/2026 07/04/2026 Libro